000 00320 a2200157 4500
001 179755
020 _a
040 _cMagnum
100 _aCoelho, Nelly Novaes
240 1 0 _aO conto de fadas
_lpor
245 1 0 _aO conto de fadas
362 0 _a1899
440 1 _aÁtica
697 _aMAGNITO: ENSINO
942 _cBK
999 _c179755
_d179755